| 000 | 00390nam a2200145Ka 4500 | ||
|---|---|---|---|
| 001 | 1777139 | ||
| 008 | 910114r19901919enk 00 eng d | ||
| 020 | _a1851703780 | ||
| 245 | 0 | 0 |
_aJane's fighting ships of World War I / _cforeword by Captain John Moore. |
| 260 |
_aLondon : _bStudio Editions, _c1990. |
||
| 300 | _ap. | ||
| 942 |
_2ddc _cBK |
||
| 956 | _aNLS | ||
| 999 |
_c288 _d288 |
||